000 00632nam a2200217Ii 4500
001 15019
003 CO-ViMGA
008 241108s9999||||xx |||||||||||||| ||und||
020 _a9789584402615
040 _aCO-ViMGA
_bspa
_erda
_cCO-ViMGA
041 0 _aspa
084 _aP PAN1e
100 1 _aLucrecia Panchano
_949666
245 1 0 _aEcos de mi litoral :
_bpoemas y crónicas
264 1 _aBogotá, Colombia : L. Panchano [editor], 2006
300 _avolumen
336 _atext
_btxt
_2rdacontent
337 _aunmediated
_bn
_2rdamedia
338 _avolume
_bnc
_2rdacarrier
940 _aidficha_siabuc: 14709. -- ficha_no_siabuc:15019
999 _c44343
_d44343